Una Conferencia sobre numismática
Colección:
San Jorge,
; núm. 4 (octubre 1951), pàg 44
Materias:
Mateu y Llopis, Felipe, -- 1901-1998
; Exposición Nacional de Numismática e Internacional de Medallas -- (2a : -- 1951 : -- Madrid, Espanya)
; Numismàtica -- Congressos
Idioma:
Español
MARC
| LEADER | 00000naa a2200000 a 4500 | ||
|---|---|---|---|
| 003 | Arxiu | ||
| 005 | 20260324181026.0 | ||
| 008 | 160829s1951 spc xx s spa c | ||
| 040 | |a agdb | ||
| 245 | 0 | 4 | |a Una Conferencia sobre numismática |
| 490 | |a San Jorge, |v núm. 4 (octubre 1951), pàg 44 | ||
| 600 | 1 | 0 | |a Mateu y Llopis, Felipe, |d 1901-1998 |9 23991 |
| 611 | 0 | |9 54654 |a Exposición Nacional de Numismática e Internacional de Medallas |n (2a : |d 1951 : |c Madrid, Espanya) | |
| 650 | |a Numismàtica |x Congressos |9 21523 | ||
| 773 | |t San Jorge. |g Núm. 4 (octubre 1951), pàg 44 | ||
| 901 | |a Arxiu | ||
| 942 | |n 1 |2 udc |c ART | ||
| 952 | |0 0 |1 0 |4 0 |6 REV508 |7 1 |9 64596 |a Arxiu |b Arxiu |d 2022-12-01 |l 0 |o Rev-508 |r 2022-12-01 00:00:00 |w 2022-12-01 |y ARXIU |z També disponible a Rev-521 | ||
| 999 | |c 44051 |d 44051 | ||